LIBRARY & INFORMATION CENTRE, KCAET, TAVANUR

ONLINE PUBLIC ACCESS CATALOGUE (OPAC)

Development and evaluation of an inclined draper (Record no. 15066)

MARC details
000 -LEADER
fixed length control field 00631nam a22001697a 4500
003 - CONTROL NUMBER IDENTIFIER
control field OSt
088 ## - REPORT NUMBER
Report number P 132
100 ## - MAIN ENTRY--AUTHOR NAME
Personal name BEENA GEORGE L
-- DEEPU D. S
-- KARTHIKA KAIMAL
245 ## - TITLE STATEMENT
Title Development and evaluation of an inclined draper
260 ## - PUBLICATION, DISTRIBUTION, ETC. (IMPRINT)
Place of publication Tavanur 2003
Name of publisher Kelappaji College of Agricultural Engineering and Technology
300 ## - PHYSICAL DESCRIPTION
Number of Pages 45
500 ## - GENERAL NOTE
General note Development and evaluation of an inclined draper
520 ## - SUMMARY, ETC.
Summary, etc inclined draper for cleaning and separating grains . KCAET product. the machine consists two rollers, a rubber belt ...
700 ## - ADDED ENTRY--PERSONAL NAME
Personal name Dr. Sudheer K. P (Guide)
942 ## - ADDED ENTRY ELEMENTS (KOHA)
Koha item type Project Report
Holdings
Collection code Home library Current library Shelving location Full call number Accession Number Koha item type
Reference KAUAET KAUAET Reference 631.56 BEE/DE P 132 Project Report
free website counter